000 00492nam a2200217Ia 4500
999 _c14501
_d14501
003 0100
005 20170504114907.0
008 130303s9999 xx 000 0 und d
020 _a340077719
040 _cARRUPELIB
050 _aDT475.O8 1968
100 _aOsae, T.A.
_930538
245 2 _aA short history of West Africa
245 _bA.D. 1000-1800
260 _bUniversity of London Press
_aLondon
_c1968
300 _a2v
300 _b 22cm.
650 _aAfrica, West
_xHistory
_930507
700 _aNwabara, S.N.
_930539
942 0 0 _01
_2lcc
_cMONOGRAPH